Countries With Most 5M+ Cities - Statistics

General Stats
  • This quiz has been taken 29 times
  • The average score is 12 of 15
Answer Stats
Hint Answer % Correct
23 China
100%
8 India
100%
3 Brazil
96%
3 Mexico
93%
2 Russia
93%
2 Egypt
86%
2 Turkey
86%
3 Japan
82%
2 South Africa
79%
2 Pakistan
75%
2 Vietnam
75%
2 Bangladesh
64%
2 Australia
61%
2 Saudi Arabia
54%
2 Spain
43%
No matching quizzes found
Score Distribution
Percent of People with Each Score
Percentile by Number Answered
Your Score History
You have not taken this quiz